<?xml version="1.0" encoding="UTF-8"?>
<marc:record xmlns:marc="http://www.loc.gov/MARC21/slim">
   <marc:leader>00000nam a2200000 a 4500</marc:leader>
   <marc:datafield ind1="1" ind2=" " tag="100">
      <marc:subfield code="a">Schaub, Hans-Peter</marc:subfield>
      <marc:subfield code="4">aut</marc:subfield>
      <marc:subfield code="e">Verfasser/-in</marc:subfield>
   </marc:datafield>
   <marc:datafield ind1=" " ind2=" " tag="653">
      <marc:subfield code="a">Naturfotografie</marc:subfield>
   </marc:datafield>
   <marc:datafield ind1=" " ind2=" " tag="653">
      <marc:subfield code="a">Digitale Fotografie</marc:subfield>
   </marc:datafield>
   <marc:datafield ind1=" " ind2=" " tag="653">
      <marc:subfield code="a">Softcover / Ratgeber/Hobby</marc:subfield>
   </marc:datafield>
   <marc:datafield ind1=" " ind2=" " tag="653">
      <marc:subfield code="a">Haus/Fotografieren</marc:subfield>
   </marc:datafield>
   <marc:datafield ind1=" " ind2=" " tag="653">
      <marc:subfield code="a">Filme</marc:subfield>
   </marc:datafield>
   <marc:datafield ind1=" " ind2=" " tag="653">
      <marc:subfield code="a">Videofilmen</marc:subfield>
   </marc:datafield>
   <marc:datafield ind1=" " ind2=" " tag="653">
      <marc:subfield code="a">Anleitung</marc:subfield>
   </marc:datafield>
   <marc:datafield ind1="0" ind2="0" tag="245">
      <marc:subfield code="a">Digitale Fotopraxis - Naturfotografie</marc:subfield>
   </marc:datafield>
   <marc:datafield ind1="0" ind2="0" tag="245">
      <marc:subfield code="b">Naturmotive gekonnt in Szene setzen ; [der umfassende Einstieg in die Naturfotografie, Aufnahmepraxis pur: Landschaften, Tiere und Makro, inkl. Nachbearbeitung mit Lightroom und Photoshop Elements ; DVD-ROM Video-Lektionen zur Bildbearbeitung mit Lightroo</marc:subfield>
   </marc:datafield>
   <marc:datafield ind1="0" ind2="0" tag="245">
      <marc:subfield code="c">Hans-Peter Schaub</marc:subfield>
   </marc:datafield>
   <marc:datafield ind1=" " ind2="1" tag="264">
      <marc:subfield code="a">Bonn</marc:subfield>
      <marc:subfield code="b">Galileo Press</marc:subfield>
      <marc:subfield code="c">2010</marc:subfield>
   </marc:datafield>
   <marc:datafield ind1="1" ind2=" " tag="490">
      <marc:subfield code="a">Galileo Design</marc:subfield>
   </marc:datafield>
   <marc:datafield ind1=" " ind2=" " tag="250">
      <marc:subfield code="a">1. Aufl.</marc:subfield>
   </marc:datafield>
   <marc:datafield ind1="1" ind2=" " tag="520">
      <marc:subfield code="a">Angaben aus der Verlagsmeldung

Digitale Fotopraxis: Naturfotografie : Inklusive Nachbearbeitung in Photoshop / von Hans-Peter Schaub

Lernen Sie in diesem umfassenden Handbuch alles, was Sie als ambitionierter Naturfotograf wissen möchten! Erfahren Sie, was Sie beachten müssen, um Ihre Motive technisch sauber und kreativ umzusetzen, und lassen Sie sich bei der Zusammenstellung der benötigten Ausrüstung von sinnvollen Objektiven bis hin zu Stativen und Filtern beraten. Der erfahrene Naturfotograf Hans-Peter Schaub führt Sie in diesem Buch vor die Haustür und zeigt Ihnen, dass überall um Sie herum Naturmotive zu finden sind – egal, ob Sie bevorzugt Landschaften, Tiere oder Pflanzenmakros fotografieren. Auch fortgeschrittene Themen wie HDR- und Panoramafotografie kommen nicht zu kurz, ebenso wenig wie die behutsame Bildnachbearbeitung von Naturmotiven. Dieses Buch möchte Sie mit wunderschönen Bildern zu Ihren eigenen Fotografien inspirieren und liefert Ihnen wichtige Praxistipps, damit Sie im richtigen Moment bei bestem Licht auslösen können!
</marc:subfield>
   </marc:datafield>
   <marc:datafield ind1=" " ind2=" " tag="020">
      <marc:subfield code="a">9783836214087</marc:subfield>
      <marc:subfield code="9">9783836214087</marc:subfield>
   </marc:datafield>
   <marc:datafield ind1=" " ind2=" " tag="041">
      <marc:subfield code="a">ger</marc:subfield>
   </marc:datafield>
   <marc:datafield ind1=" " ind2=" " tag="300">
      <marc:subfield code="a">356 S.</marc:subfield>
   </marc:datafield>
</marc:record>
